000 00969cam a2200313 i 4500
001 2737061
003 PILC
005 20150523093144.0
008 780727s1979 maua b 001 0 eng
010 _a 78013667
020 _a0674924355
020 _a0674924363
040 _aDLC
_cDLC
_dDLC
043 _aa-cc---
_an-us---
050 0 0 _aDS 735
_b.F163 1979
082 0 0 _a327.51/073
100 1 _aFairbank, John King,
_d1907-1991.
245 1 4 _aThe United States and China /
_cJohn King Fairbank.
250 _a4th ed.
260 _aCambridge, Mass. :
_bHarvard University Press,
_c1979.
300 _axxiv, 606 pages :
_billustrations ;
_c22 cm.
440 4 _aThe American foreign policy library
500 _aIncludes index.
651 0 _aChina
_xHistory.
651 0 _aUnited States
_xForeign relations
_zChina.
651 0 _aChina
_xForeign relations
_zUnited States.
906 _a7
_bcbc
_corignew
_d1
_eocip
_f19
_gy-gencatlg
942 _2lcc
_cBK
_kFOR
999 _c284327
_d284327